College Football Matchups: Houston - Statistics

General Stats
  • This quiz has been taken 53 times
    11 since last reset
  • The average score is 13 of 16
Answer Stats
Games Opponent Subdivision % Correct
37 SMU Power 4
100%
28 TCU Power 4
100%
26 Texas Power 4
100%
18 Arkansas Power 4
90%
31 Baylor Power 4
90%
22 Oklahoma State Power 4
90%
34 Texas A&M Power 4
90%
36 Texas Tech Power 4
90%
27 Tulane Group of 5
90%
31 Memphis Group of 5
80%
47 Rice Group of 5
80%
18 Ole Miss Power 4
70%
46 Tulsa Group of 5
70%
30 Cincinnati Power 4
60%
18 Miami Power 4
60%
*17 Louisville Power 4
50%
No matching quizzes found
Score Distribution
Percent of People with Each Score
Percentile by Number Answered
Your Score History
You have not taken this quiz since the last reset